000 03284cam a22012254i 4500
003 PE-LiUPU
005 20250813185433.0
008 190816s2017 pe rb 000 0 spa d
020 _a6124728109
020 _a9786124728105
035 _a(Sirsi) a252507
040 _aPE-LiUPU
_bspa
_cPE-LiUPU
_erda
049 _aPRUA
082 0 4 _a378.85
_bG69
_220
100 1 _aGonzález Linares, Nerio,
_eautor.
245 1 0 _aCalidad, investigación y otros retos de la universidad peruana del siglo XXI :
_benseñanza-aprendizaje del derecho /
_cNerio González Linares.
250 _aPrimera edición.
264 1 _aCusco :
_bUniversidad Andina del Cusco, Fondo Editorial,
_c2017.
300 _a755 páginas ;
_c24 centímetros
336 _atext
_2rdacontent
337 _aunmediated
_2rdamedia
338 _avolume
_2rdacarrier
504 _aBibliografía: páginas 743-755.
505 0 _aLa universidad -- La universidad y la calidad de la educación superior (dinámica de las dimensiones de la calidad universitaria) -- Misión y visión de la universidad -- La investigación univeristaria, el profesor formador, el estudiante y el egresado -- La investigación en la nueva ley universitaria (ley N° 30220) -- Libertad de cátedra y de investigación -- La enseñanza-aprendizaje e investigación del derecho.
526 _aP202
526 _aP201
526 _aP163
526 _aP162
526 _aP161
526 _aP160
526 _aP148
526 _aP147
526 _aP146
526 _aP145
526 _aP144
526 _aP143
526 _aP142
526 _aP141
526 _aP140
526 _aP139
526 _aP138
526 _aP137
526 _aP136
526 _aP135
526 _aP134
526 _aP133
526 _aP129
526 _aP128
526 _aP127
526 _aP120
526 _aP119
526 _aP118
526 _aP116
526 _aP115
526 _aP114
526 _aP110
526 _aP109
526 _aP108
526 _aP104
526 _aP103
526 _aP102
526 _aP99
526 _aP98
526 _aP97
526 _aP96
526 _aP95
526 _aP93
526 _aP90
526 _aP89
526 _aP88
526 _aP83
526 _aP82
526 _aP62
526 _aP59
526 _aP58
526 _aP57
526 _aP51
526 _aP49
526 _aP48
526 _aP47
526 _aP29
526 _aP24
526 _aP20
526 _aP19
526 _aP17
526 _aP15
526 _aP14
526 _aP12
526 _aP10
526 _aP09
526 _aP08
526 _aP07
526 _aP06
526 _aP05
526 _aP04
526 _aP01
650 0 4 _aEducación superior
_z-Perú.
650 2 8 _aDerecho
_x-Investigación
_z-Perú.
910 _abgr
_bncf
_cncf
_d20190816
942 _2ddc
_cBOOK
994 _aC0
_bPEPRU
596 _a1
999 _a378.85 G69
_wLC
_c31736
_i80568
_f2021-11-8
_g3
_lCCODEBUL1
_mBUL
_p44.28
_r0
_sY
_tBOOK
_u2019-8-16
_xEDUCACION
_PP20
_0DONACION
_o.STAFF. Colección Ciencias Humanas y Educación
_d31736
980 _81
_gALBERTO SANCHEZ Responsable de Automatización